000 00639nam a22001937a 4500
005 20251108173347.0
008 250721s2000 xx 000 0 ara d
020 _a9953100926
082 1 4 _aم/ط/591.3/مكت
245 1 0 _aصغار الحيوانات /
264 1 _aبيروت :
_bمكتبة لبنان ناشرون،
_c2000.
300 _a32 ص. : مص.
490 0 _aكتب الفراشة : سلسلة الناشئون
650 1 7 _aصغار الحيوان
653 _aأطفال مرحلة متوسطة (6-9 سنوات)
710 2 _aمكتبة لبنان : دائرة النشر
942 _2ddc
_cREF
999 _c102086
_d102086